000 00709nam a2200193 i 4500
001 34852
003 ES-MaACL
005 20251003063051.0
007 t|
008 030211s1923 sp ||||1| spa d
100 1 _aBoix, Emilio,
_d1859-1953
_929888
245 1 0 _aSituación económica de la República Argentina
_b: (1º de julio de 1923) /
_cEmilio Boix.
260 _aMadrid :
_b[s.n.],
_c1923 (
_fImp. del Ministerio de Estado)
300 _a34 p. ;
_c23 cm.
490 1 _aCentro de Información Comercial del Ministerio de Estado ;
_v90
830 0 0 _aCentro de Información Comercial del Ministerio de Estado
_v90
_9181535
852 _aES-MaACL
_j1674-F-13
_bR.4595
999 _c34852
_d34852